Engineering hydrology
Αποθηκεύτηκε σε:
| Κύριος συγγραφέας: | |
|---|---|
| Μορφή: | Βιβλίο |
| Γλώσσα: | English |
| Δημοσίευση: |
Hampshire :
Macmillan,
c1990.
|
| Έκδοση: | 4η εκδ. |
| Θέματα: | |
| Ετικέτες: |
Προσθήκη ετικέτας
Δεν υπάρχουν, Καταχωρήστε ετικέτα πρώτοι!
|
MARC
| LEADER | 00000cam a2200000 i 4500 | ||
|---|---|---|---|
| 001 | 1/15537 | ||
| 008 | 010122s1990 enk| ||| |||| ||eng|| | ||
| 020 | |a 0333517172 | ||
| 035 | |l 10065443 | ||
| 040 | |a GR-MyUA |b gre |e AACR2 | ||
| 041 | 0 | |a eng | |
| 082 | 0 | |a 627 | |
| 100 | 1 | |a Wilson, E. M. | |
| 245 | 1 | 0 | |a Engineering hydrology / |c E. M. Wilson. |
| 250 | |a 4η εκδ. | ||
| 260 | |a Hampshire : |b Macmillan, |c c1990. | ||
| 300 | |a xii, 348 σ. : |b εικ. ; |c 25 εκ. | ||
| 504 | |a Περιέχει βιβλιογραφικές παραπομπές και ευρετήριο. | ||
| 650 | 0 | 0 | |a Hydrology. |
| 650 | 0 | 0 | |a Hydraulic engineering. |
| 767 | 0 | 8 | |i Μεταφρασμένο ως: |t Υδρολογία / |
| 852 | |a INST |b LESVOS |e 20010122 |h 627 WIL |p 005100029074 |q 005100029074 |t BK |y 0 | ||
| 901 | |a BIBL1-2001-1 | ||
| 909 | |a Λ |b 084519 | ||
| 922 | |a 1ΕΛΗ |b 200012 |c ΤΑΚ/ΤΠ |d ΜΙΧΑΛΟΠΟΥΛΟΣ | ||
| 950 | |a 107-2000-12-05 | ||
| 970 | |a ΤΖΑΦΕΡΗ |b ΕΥΑΓΓΕΛΙΑ |z 2001/03/12 | ||